W.A.R.I.S [ Rembau most wanted

Bibliographic Details
Other Authors: W.A.R.I.S (Singer)
Format: CD eBook
Language:Malay
Published: Kuala Lumpur : Rusa Mixology Publishing 20--?
Subjects:

MARC

LEADER 00000cam a2200000 7i4500
001 0000200061
005 20210624221440.0
006 jsgd fgss ###### # u
007 sd#uuuuuaumuu
008 210624n my sgkfgss # umay#u
040 |a MBPJ   |b eng   |c MBPJ   |e rda 
041 0 |a may 
090 0 0 |a MUZ   |b WAR 
245 0 0 |a W.A.R.I.S [  |h cd music] :   |b Rembau most wanted 
264 1 |a Kuala Lumpur :   |b Rusa Mixology Publishing   |c 20--? 
300 |a 1 CD music (45 minutes) ;   |c 12 cm. 
336 |a performed music  |2 rdacontent 
337 |a audio  |2 rdamedia 
338 |a audio disc  |2 rdacarrier 
347 |a audio file   |b CD audio  |2 rda 
500 |a Library has 2 copies 
505 0 |a Ringgit billers- Sikit most wanted- Satuhari diRembau- Skit sampai bila- Gadis Jolobu 
511 0 |a Singer:W.A.R.I.S 
650 0 0 |a Songs, Malay 
700 0 |a W.A.R.I.S ,   |e singer 
999 |a AV 37259   |b CD MUSIC   |c PINJAMAN   |e PERPUSTAKAAN KOMUNITI PETALING JAYA 
999 |a AV 41848   |b CD MUSIC   |c PINJAMAN   |e PERPUSTAKAAN KOMUNITI PETALING JAYA